| 000 | 00692nam a2200229 a 4500 | ||
|---|---|---|---|
| 008 | |||
| 020 | _a9780521690317(pbk.) | ||
| 049 | _aMAIN | ||
| 090 |
_aQA76.9.H85 _bRES |
||
| 245 | 1 | 0 |
_aResearch methods for : human-computer interaction/ _c[edited by]Paul Cairns and Anna L.Cox |
| 260 |
_aCambrigde :Cambrigde Universtity, _c2008 |
||
| 300 |
_axvi,242 p. : _bill. ; _c25 cm. |
||
| 500 | _aIncludes Index. | ||
| 650 | 1 | _aHuman -computer interaction | |
| 700 | _aCox, Anna L. | ||
| 700 | _aCairns, Paul | ||
| 907 |
_a.b10267670 _b08-10-09 _c30-09-09 |
||
| 003 | |||
| 005 | 20230123124951.0 | ||
| 040 | _cNUST | ||
| 942 |
_cBOOKS _kQA76.9.H85 _mRES |
||
| 999 |
_c133381 _d133381 |
||